[Event "Passau op 7th"]
[Site "Passau"]
[Date "1999.04.04"]
[Round "6"]
[White "Franke, Christian"]
[Black "Beising, Friedrich"]
[Result "0-1"]
[WhiteElo "1289"]
[BlackElo "1688"]
[PlyCount "86"]
[EventDate "1999.04.02"]
[EventType "swiss"]
[EventRounds "7"]
[EventCountry "GER"]
[SourceTitle "EXT 2000"]
[Source "ChessBase"]
[SourceDate "1999.11.16"]
[SourceVersion "1"]
[SourceVersionDate "1999.11.16"]
[SourceQuality "1"]

1. e4 c5 2. c3 d5 3. e5 Nc6 4. f4 Nh6 5. Bb5 Qc7 6. d4 e6 7. Nf3 Be7 8. 0-0 0-0 9. Bd3 cxd4 10. cxd4 Nf5 11. Bxf5 exf5 12. Kh1 Be6 13. Nc3 a6 14. Be3 b5 15. a3 Na5 16. Rc1 Qb7 17. Nd2 Rac8 18. b4 Nc4 19. Nxc4 Rxc4 20. Ne2 Rfc8 21. Rxc4 dxc4 22. Nc3 Rd8 23. Qf3 Qxf3 24. Rxf3 f6 25. Kg1 fxe5 26. fxe5 g6 27. Rf1 Kf7 28. Rd1 Bd5 29. Kf2 Ke6 30. g3 g5 31. h3 h6 32. Rg1 h5 33. g4 fxg4 34. hxg4 Rf8+ 35. Ke1 h4 36. Kd2 Bc6 37. Kc2 h3 38. Rd1 Bd5 39. Nxd5 Kxd5 40. Re1 Rf3 41. Kb2 Rg3 42. Bf2 Rg2 43. Re2 h2 0-1